| 000 | 00000nam##2200000za#4500 |
| 001 | 9.647460 |
| 003 | CaOODSP |
| 005 | 20230117131515 |
| 007 | ta |
| 008 | 150407|2000||||xxc||||| f|0| 0 eng|d |
| 020 | |a0-662-28154-3 |
| 040 | |aCaOODSP|beng |
| 043 | |an-cn--- |
| 086 | 1 |aJL2-7/2000-2E |
| 110 | 2 |aLaw Commission of Canada. |
| 245 | 10|aRestoring dignity : responding to child abuse in Canadian institutions |
| 260 | |aOttawa - Ontario : |bLaw Commission of Canada |c2000. |
| 300 | |axvii, 455p. ; |c24 cm. |
| 546 | |aBilingual |
| 563 | |aSoftcover |
| 590 | |a00-14|b2000-04-07 |
| 690 | 07|aViolence against children|2gcpds |
| 690 | 07|aChildren's rights|2gcpds |
| 775 | 08|tLa dignité retrouvée : la réparation des services infligés aux enfants dans des établissements canadiens |w(CaOODSP)9.680884 |
| 776 | 0#|tRestoring dignity - responding to child abuse in Canadian institutions |w(CaOODSP)9.690697 |